[Event "FRA-ch U12 Girls"]
[Site "Saint Paul Trois Chateaux"]
[Date "2013.05.03"]
[Round "6"]
[White "Molina Lopez, Sophie"]
[Black "Mutzel, Annabelle"]
[Result "0-1"]
[WhiteElo "1352"]
[BlackElo "1406"]
[PlyCount "108"]
[EventDate "2013.04.28"]
[EventType "swiss"]
[EventRounds "9"]
[EventCountry "FRA"]
[SourceTitle "CBM 154 Extra"]
[Source "ChessBase"]
[SourceDate "2013.06.25"]
[SourceVersion "2"]
[SourceVersionDate "2013.06.25"]
[SourceQuality "1"]

1. e4 c5 2. Nf3 Nc6 3. Nc3 g6 4. d3 Bg7 5. Be3 d6 6. d4 cxd4 7. Nxd4 Nf6 8. Bb5 Bd7 9. Nxc6 Bxc6 10. Bxc6+ bxc6 11. 0-0 0-0 12. Re1 Qd7 13. Rb1 Rab8 14. Bd4 c5 15. Bxf6 Bxf6 16. e5 Bg7 17. exd6 Qxd6 18. Qxd6 exd6 19. Nd1 Rfe8 20. Rxe8+ Rxe8 21. Ne3 Rd8 22. b3 d5 23. Rd1 d4 24. Nc4 Re8 25. Kf1 h5 26. Nd6 Rd8 27. Nb7 Rc8 28. Ke2 Rc7 29. Na5 f5 30. Re1 Kf7 31. Kd3 a6 32. Nc4 Kf6 33. a4 f4 34. Ne5 Kf5 35. Nf3 g5 36. h3 Bf6 37. Nh2 Re7 38. Rxe7 Bxe7 39. Nf1 g4 40. h4 Bxh4 41. f3 gxf3 42. gxf3 Bg3 43. Kc4 Bf2 44. Kd3 h4 45. Ke2 Be3 46. Nh2 h3 47. Kf1 Kg5 48. Ng4 Kh4 49. Ne5 Kg3 50. Nf7 h2 51. Nd6 h1Q+ 52. Ke2 Qxf3+ 53. Ke1 Qf2+ 54. Kd1 Qd2# 0-1

[Event "FRA-ch U12 Girls"]
[Site "Saint Paul Trois Chateaux"]
[Date "2013.04.29"]
[Round "2"]
[White "Molina Lopez, Sophie"]
[Black "Taroni, Anna"]
[Result "1-0"]
[WhiteElo "1352"]
[BlackElo "1500"]
[PlyCount "91"]
[EventDate "2013.04.28"]
[EventType "swiss"]
[EventRounds "9"]
[EventCountry "FRA"]
[SourceTitle "CBM 154 Extra"]
[Source "ChessBase"]
[SourceDate "2013.06.25"]
[SourceVersion "2"]
[SourceVersionDate "2013.06.25"]
[SourceQuality "1"]

1. e4 e5 2. Nf3 Nc6 3. Bc4 Bc5 4. 0-0 Nf6 5. d4 exd4 6. e5 Ng8 7. Re1 Nge7 8. b3 0-0 9. Bb2 Re8 10. Nxd4 Nxd4 11. Bxd4 Bxd4 12. Qxd4 Nc6 13. Qd1 Rxe5 14. Rxe5 Nxe5 15. Qe2 Nxc4 16. Qxc4 d6 17. Nd2 Be6 18. Qb5 Rb8 19. Qe2 Qg5 20. Nf3 Qg6 21. Re1 h6 22. c4 Bh3 23. g3 Qh5 24. Qd3 Bg4 25. Nh4 Qg5 26. Qd4 b6 27. Qe4 c5 28. Qc6 Qd8 29. Qe4 Be6 30. Rd1 Qd7 31. Nf3 Rd8 32. Ne5 Qc7 33. Nf3 Bc8 34. Qd3 Bb7 35. Ne5 Qe7 36. Ng4 Qc7 37. Ne3 Qc8 38. Nf5 d5 39. Ne7+ Kf8 40. Nxc8 Rxc8 41. cxd5 Ke7 42. d6+ Kd7 43. Qf5+ Kd8 44. d7 Rc6 45. Qxf7 Rd6 46. Rxd6 1-0